[Event "Hessen-ch Gr-D 65th"]
[Site "Gladenbach"]
[Date "2011.04.23"]
[Round "4"]
[White "Schupp, Thomas"]
[Black "Martens, Nick"]
[Result "1-0"]
[WhiteElo "1669"]
[BlackElo "1764"]
[PlyCount "95"]
[EventDate "2011.04.22"]
[EventType "swiss"]
[EventRounds "5"]
[EventCountry "GER"]
[SourceTitle "CBM 142 Extra"]
[Source "ChessBase"]
[SourceDate "2011.06.27"]
[SourceVersion "1"]
[SourceVersionDate "2011.06.27"]
[SourceQuality "1"]

1. e4 d5 2. exd5 Qxd5 3. Nc3 Qa5 4. d4 Nf6 5. Bd2 Qb6 6. Bc1 Bf5 7. Na4 Qc6 8. c3 e6 9. Qb3 a6 10. Nf3 Nbd7 11. c4 b6 12. Nc3 Be7 13. Be2 0-0 14. h3 Rab8 15. Bf4 Bd6 16. Bxd6 Qxd6 17. Rd1 h6 18. 0-0 Qf4 19. d5 Nc5 20. Qa3 Nfe4 21. b4 Nxc3 22. Qxc3 Ne4 23. Qd4 Bh7 24. Bd3 c5 25. dxc6 Rfd8 26. Qe5 Qxe5 27. Nxe5 Rbc8 28. b5 axb5 29. cxb5 f6 30. Nd7 Nc3 31. Bxh7+ Kxh7 32. Rd3 Nd5 33. Rfd1 Re8 34. Ra3 Ra8 35. Rxa8 Rxa8 36. Rxd5 exd5 37. Nxb6 Rb8 38. c7 Rxb6 39. c8Q Rxb5 40. Qf5+ Kg8 41. Qd7 Rc5 42. a4 Kh7 43. Kh2 Rc4 44. Qb5 Re4 45. Qd3 f5 46. a5 Kg6 47. Qxd5 Kf6 48. Qc5 1-0

[Event "Hessen-ch Gr-D 65th"]
[Site "Gladenbach"]
[Date "2011.04.23"]
[Round "3"]
[White "Spelleken, Hans Gerd"]
[Black "Schupp, Thomas"]
[Result "1-0"]
[WhiteElo "1718"]
[BlackElo "1669"]
[PlyCount "33"]
[EventDate "2011.04.22"]
[EventType "swiss"]
[EventRounds "5"]
[EventCountry "GER"]
[SourceTitle "CBM 142 Extra"]
[Source "ChessBase"]
[SourceDate "2011.06.27"]
[SourceVersion "1"]
[SourceVersionDate "2011.06.27"]
[SourceQuality "1"]

1. d4 Nc6 2. e4 d5 3. exd5 Qxd5 4. Nf3 Bg4 5. Be2 0-0-0 6. c4 Qd7 7. d5 Bxf3 8. Bxf3 Ne5 9. Be2 e6 10. Nc3 Bb4 11. Qd4 Qd6 12. Qxa7 b6 13. 0-0 Bxc3 14. bxc3 exd5 15. Ba3 Qc6 16. f4 Nd7 17. cxd5 1-0

[Event "Hessen-ch Gr-D 65th"]
[Site "Gladenbach"]
[Date "2011.04.22"]
[Round "2"]
[White "Schupp, Thomas"]
[Black "Lenz, Jonas"]
[Result "1/2-1/2"]
[WhiteElo "1669"]
[BlackElo "1618"]
[PlyCount "74"]
[EventDate "2011.04.22"]
[EventType "swiss"]
[EventRounds "5"]
[EventCountry "GER"]
[SourceTitle "CBM 142 Extra"]
[Source "ChessBase"]
[SourceDate "2011.06.27"]
[SourceVersion "1"]
[SourceVersionDate "2011.06.27"]
[SourceQuality "1"]

1. d4 c5 2. Nf3 e6 3. Nc3 d5 4. Bf4 a6 5. e3 Nf6 6. Be2 Be7 7. 0-0 0-0 8. h3 Nc6 9. Ne5 Nd7 10. Nxc6 bxc6 11. dxc5 Bxc5 12. Na4 Be7 13. b3 e5 14. Bh2 Bf6 15. Rc1 Nb6 16. Nxb6 Qxb6 17. c4 Be6 18. Qc2 Rfd8 19. Rfd1 d4 20. exd4 exd4 21. Bd3 g6 22. Be4 c5 23. Qd3 Ra7 24. Qf3 Be7 25. Be5 f5 26. Bd3 Bd6 27. Re1 Re8 28. Re2 Bxe5 29. Rxe5 Rae7 30. Rce1 Qd6 31. Qe2 Kf7 32. f4 h5 33. Qf3 Kf6 34. Qg3 Bd7 35. Qg5+ Kf7 36. Rxe7+ Rxe7 37. Rxe7+ Qxe7 1/2-1/2